| 000 | 00647cam a2200193 a 4500 | ||
|---|---|---|---|
| 001 | 000014056 | ||
| 005 | 20200929163444.0 | ||
| 008 | 760817s1976 nyu b 001 0 eng | ||
| 020 | _a0394496779 | ||
| 040 |
_aDO-SdBNP _beng _cBNPHU |
||
| 082 |
_a323.40973 _bW812a |
||
| 100 | 1 |
_aWise, David, _d1930- _931845 |
|
| 245 | 1 | 4 |
_aThe american police state : _bthe government against the people / _cDavid Wise. |
| 260 |
_aNew York : _bRandom House, _c1976. |
||
| 300 |
_a437 p. ; _c25 cm. |
||
| 504 | _aBibliografĂa: p. [413]-417. | ||
| 650 | 4 |
_aDerechos civiles _zEstados Unidos _931846 |
|
| 651 | 4 |
_aEstados Unidos _xPolĂtica Y Gobierno _y1933-1945. _94546 |
|
| 999 |
_c13658 _d13658 |
||